LEADER 00968cam0-22003131i-450- 001 990005268820403321 005 20121010150444.0 035 $a000526882 035 $aFED01000526882 035 $a(Aleph)000526882FED01 035 $a000526882 100 $a19990604d1970----km-y0itay50------ba 101 1 $aeng$ctur 102 $aTR 105 $aaf------001yy 200 1 $aAncient civilizations and ruins of Turkey$efrom prehistoric times until the end of the roman empire$fby Ekrem Akurgal 205 $a2nd ed. 210 $aIstanbul$cTūrk Tarih Kurumu Basimevi$d1970 215 $aVIII, 375 p., 112 tav.$cill.$d20 cm 610 0 $aArcheologia$aTurchia 676 $a939.2$v20$zita 700 1$aAkurgal,$bEkrem$0204974 801 0$aIT$bUNINA$gRICA$2UNIMARC 901 $aBK 912 $a990005268820403321 952 $a939.2 AKU 1$bANT. G.R. 1190$fFLFBC 959 $aFLFBC 996 $aAncient civilizations and ruins of Turkey$9288662 997 $aUNINA LEADER 00906nam0-2200301 --450 001 9910257858003321 005 20250218112857.0 010 $a978-88-506-5241-9 100 $a20180226d2011----kmuy0itay5050 ba 101 0 $aita 102 $aIT 105 $aa 001yy 200 1 $aFarmacia verde$emanuale di fitoterapia$econoscere ed utilizzare le piante officinali e le loro proprietą curative$fPiergiorgio Chiereghin 205 $a4. ed. 210 $aMilano$cEdagricole$dc2011 215 $aXIX, 657 p.$cill.$d27 cm 610 0 $aTerapia erboristica 676 $a615.32$v23$zita 700 1$aChiereghin,$bPiergiorgio$072809 801 0$aIT$bUNINA$gREICAT$2UNIMARC 901 $aBK 912 $a9910257858003321 952 $a60 615.32 CHIP 2011$b329/2017$fFAGBC 952 $a615.32-CHI-1$b86/2025 959 $aFAGBC 959 $aSC1 996 $aFarmacia verde$9361287 997 $aUNINA